Missing Word: Vietnam War Movies (A-Z) Quiz Stats

 Plays Quiz Updated Mar 5, 2018

Score 0/22 Timer 03:00
0 Plays Today
Movie Title Missing Word % Correct
Born on the Fourth of ____July
98.6%
Apocalypse ____Now
98%
Good Morning, ____Vietnam
97%
___ Enemy LinesBehind
96.8%
___ Metal JacketFull
96.6%
The ____ BeretsGreen
96.4%
The ____ HunterDeer
95.2%
Hamburger ____Hill
84.9%
We Were ____Soldiers
78.6%
The ____ AmericanQuiet
78.1%
Heaven & ____Earth
77.7%
Movie Title Missing Word % Correct
The ____ DeadWalking
76.6%
____ Dumbo DropOperation
71.1%
____ in ActionMissing
60.1%
Air ____America
56.9%
____ HeartsPurple
51.4%
Go ____ the SpartansTell
49.6%
____ of WarCasualties
47%
____ ValorUncommon
39.6%
Off ____Limits
38.6%
____ DawnRescue
17.3%
Flight of the ____Intruder
17.1%

Today's Daily Dose

You're not logged in!

Compare scores with friends on all Sporcle quizzes.
OR
Log In

You Might Also Like...

Show Comments

Extras

Top Quizzes Today


Score Distribution

Your Account Isn't Verified!

In order to create a playlist on Sporcle, you need to verify the email address you used during registration. Go to your Sporcle Settings to finish the process.

Report this User

Report this user for behavior that violates our Community Guidelines.

Details: